20 Aminokwasów - Statystyki

Ogólne statystyki
  • Ten quiz został rozwiązany 279 razy
  • Średni wynik to 15 z 20
Statystyki odpowiedzi
Hint Odpowiedź % Poprawnych
2 leucyna
87%
9 alanina
83%
3 izoleucyna
79%
20 glicyna
77%
17 cysteina
76%
1 fenyloalanina
75%
18 tryptofan
75%
16 kwas glutaminowy
74%
5 walina
74%
10 tyrozyna
73%
14 lizyna
72%
13 asparagina
71%
12 glutamina
71%
4 metionina
70%
11 histydyna
69%
15 kwas asparaginowy
69%
6 seryna
68%
19 arginina
67%
8 treonina
63%
7 prolina
62%
Nie znaleziono quizów pasujących do podanych kryteriów
Rozkład punktacji
Procent ludzi z każdym wynikiem
Percentyl według liczby udzielonych odpowiedzi
Twoja historia wyników
Nie rozwiązałeś tego quizu